Catalog

Record Details

Catalog Search



Outlander kitchen : to the new world and back ... Read More

Available copies

  • 2 of 2 copies available at LARL/NWRL Consortium.
  • 2 of 2 copies available at Lake Agassiz Regional Library. (Show preferred library)

Current holds

0 current holds with 2 total copies.

Show Only Available Copies
Location Call Number / Copy Notes Barcode Shelving Location Status Due Date
Moorhead Public Library 641.5 CAR (Text) 33500013251897 Main Available -
Moorhead Public Library 641.5 CAR (Text) 33500013251905 Main Available -

Record details

  • ISBN: 9781984855152
  • ISBN: 1984855158
  • Physical Description: 1 volume : illustrations (colour) ; 24 cm
  • Publisher: New York : Delacorte, 2020.
Subject: Gabaldon, Diana. Outlander novels.
Gabaldon, Diana. Lord John Grey series.
Outlander (Television program)
Cooking.
Cooking > Scotland.
LDR 01185cam a22003498i 4500
001345892
003LARL_NWRL_CONSORTIUM
00520200430162241.0
008200114s2020 nyua 000 0 eng d
040 . ‡aUKMGB ‡beng ‡erda ‡cUKMGB ‡dOCLCO
015 . ‡aGBC048530 ‡2bnb
0167 . ‡a019759203 ‡2Uk
020 . ‡a9781984855152 ‡q(hbk.)
020 . ‡a1984855158
035 . ‡a(OCoLC)1151952301
08204. ‡a641.5 ‡223
1001 . ‡aCarle-Sanders, Theresa, ‡eauthor. ‡0(LARL_NWRL_CONSORTIUM)222311
24510. ‡aOutlander kitchen : ‡bto the new world and back again : the second official Outlander companion cookbook / ‡cTheresa Carle-Sanders ; foreword by Diana Gabaldon.
264 1. ‡aNew York : ‡bDelacorte, ‡c2020.
300 . ‡a1 volume : ‡billustrations (colour) ; ‡c24 cm
336 . ‡atext ‡2rdacontent
336 . ‡astill image ‡2rdacontent
337 . ‡aunmediated ‡2rdamedia
338 . ‡avolume ‡2rdacarrier
60010. ‡aGabaldon, Diana. ‡tOutlander novels.
60010. ‡aGabaldon, Diana. ‡tLord John Grey series.
63000. ‡aOutlander (Television program)
650 0. ‡aCooking. ‡0(LARL_NWRL_CONSORTIUM)177968
650 0. ‡aCooking ‡zScotland.
905 . ‡uvanderl
901 . ‡a345892 ‡b ‡c345892 ‡tbiblio ‡soclc

Additional Resources